00656nam a2200217 a 4500001001300000003000900013005001700022008004100039020002600080082001700106100001900123245004800142260004600190300000900236500003500245505001000280902000800290942000700298952011800305999001500423nice12345678IN_TiNIC20260116013045.0050524s1984 newa grp 000 0 eng  a0231762 c536.5500a955.054bBEN aBenard, Cheryl aGovernment of Godb Iran`s Islamic Republic aNew YorkbColumbia University Pressc1984 a240p aincludes index and biblioraphy2 aIndex bSRS cBK 001040708StackRoom-aHMIbHMId2007-05-29g536.55l0o955.054 BENp015173r2007-05-29v536.55w2005-05-24yBK c9467d9467